01130 a2200205 4500003000500000005001700005020001500022040000900037082001700046100002600063245006200089250001100151260003300162300002500195505051300220650003400733942001200767999001900779952012600798Nust20221123124442.0 a8174090940 cNust a621.3813,DAS aDas, Sajal K.9103414 aMicrowave signals and systems engineering /cDas Sajal K. a1st ed aDelhibKhanna Publiserc2000 a323 p.billusc24 cm aElectromagnetic Spectrum and Introduction to Microwave (Page-1), electromagnetic Field Theory (Page-10), Transmission Line (Page-31), Smith Chart (Page-58), Wave Guides (Page-66), Planar Transmission Line (Page-113), Network Parameters Analysis (Page-124), Microwave Components (Page-144), Microwave Sources (Page-179), Microwave Measurements Techniques (Page-210), Antenna (Page-225), Radar Systems Microwave Communication (Page-280), Electromagnetic Interface and Electromagnetic Compatibility (Page-305). aTelecommunication Engineering 2ddccBK c181831d181831 00102ddc4070aMCSbMCScGENd2016-12-12o621.3813,DASpMCS30300r2016-12-08w2016-12-12yBKzAlmirah No.32, Shelf No.2